[Event "Sitges op 47th"]
[Site "Sitges"]
[Date "2023.07.28"]
[Round "7"]
[White "Kshatriya, Nitin Vekhande"]
[Black "Cordoba Roa, Angel Gabriel"]
[Result "0-1"]
[WhiteElo "2033"]
[BlackElo "2339"]
[PlyCount "84"]
[EventDate "2023.07.22"]
[EventType "swiss"]
[EventRounds "9"]
[EventCountry "ESP"]
[SourceTitle "CBM 215 Extra"]
[Source "ChessBase"]
[SourceDate "2023.09.30"]
[SourceVersion "1"]
[SourceVersionDate "2023.09.30"]
[SourceQuality "1"]

1. e4 e5 2. Nf3 Nc6 3. Bb5 a6 4. Bxc6 dxc6 5. d4 exd4 6. Qxd4 Qxd4 7. Nxd4 Bd6 8. Be3 Ne7 9. Nd2 f5 10. f4 fxe4 11. Nxe4 Nd5 12. Nxd6+ cxd6 13. Bd2 0-0 14. 0-0 c5 15. Ne2 Bf5 16. Rac1 Rae8 17. Ng3 Bd7 18. c4 Nf6 19. b3 b5 20. Ba5 Re7 21. Rfe1 Rfe8 22. Rxe7 Rxe7 23. Rd1 Ne8 24. Kf2 Rf7 25. cxb5 axb5 26. Ne2 b4 27. Rd2 Bg4 28. g3 Nf6 29. Kf1 Ne4 30. Rd3 Ra7 31. Bb6 Rxa2 32. Ng1 Rxh2 33. Re3 d5 34. f5 Bxf5 35. Nf3 Rb2 36. Ne5 Bh3+ 37. Ke1 Rb1+ 38. Ke2 Nc3+ 39. Kd2 Rd1+ 40. Kc2 Bf5+ 41. Nd3 c4 42. g4 cxd3+ 0-1

[Event "Barcelona Sant Marti op-A 23rd"]
[Site "Barcelona"]
[Date "2023.07.21"]
[Round "9"]
[White "Kshatriya, Nitin Vekhande"]
[Black "Dahale, Atul"]
[Result "0-1"]
[WhiteElo "2033"]
[BlackElo "2150"]
[PlyCount "106"]
[EventDate "2023.07.13"]
[EventType "swiss"]
[EventRounds "9"]
[EventCountry "ESP"]
[SourceTitle "CBM 215 Extra"]
[Source "ChessBase"]
[SourceDate "2023.09.30"]
[SourceVersion "1"]
[SourceVersionDate "2023.09.30"]
[SourceQuality "1"]

1. e4 c5 2. Nf3 Nc6 3. Bb5 g6 4. c3 Bg7 5. d4 cxd4 6. cxd4 a6 7. Be2 d6 8. 0-0 Nf6 9. Nc3 0-0 10. h3 d5 11. e5 Ne4 12. Bd3 Bf5 13. Be3 Nxc3 14. bxc3 Bxd3 15. Qxd3 Rc8 16. Rab1 Na5 17. Nd2 f6 18. f4 Rc6 19. Nb3 Nxb3 20. axb3 Qc7 21. c4 e6 22. c5 a5 23. b4 axb4 24. Rxb4 fxe5 25. dxe5 Rb8 26. Rfb1 Bf8 27. Qb3 Bxc5 28. Bxc5 Rxc5 29. Rxb7 Rc1+ 30. Rxc1 Qxc1+ 31. Kh2 Qxf4+ 32. Kg1 Qd4+ 33. Kh1 Qa1+ 34. Kh2 Qxe5+ 35. Kg1 Ra8 36. Qc2 Ra1+ 37. Rb1 Rxb1+ 38. Qxb1 d4 39. Qb7 Qd6 40. Qc8+ Kg7 41. Qb7+ Kh6 42. Qa7 Qf4 43. Qd7 e5 44. Qd8 d3 45. Kh1 d2 46. h4 d1Q+ 47. Qxd1 Qxh4+ 48. Kg1 Qd4+ 49. Qxd4 exd4 50. Kf2 Kg5 51. Ke2 Kg4 52. Kd3 Kg3 53. Kxd4 Kxg2 0-1

[Event "Barcelona Sant Marti op-A 23rd"]
[Site "Barcelona"]
[Date "2023.07.16"]
[Round "4"]
[White "Thakur, Akash"]
[Black "Kshatriya, Nitin Vekhande"]
[Result "1-0"]
[WhiteElo "2193"]
[BlackElo "2033"]
[PlyCount "143"]
[EventDate "2023.07.13"]
[EventType "swiss"]
[EventRounds "9"]
[EventCountry "ESP"]
[SourceTitle "CBM 215 Extra"]
[Source "ChessBase"]
[SourceDate "2023.09.30"]
[SourceVersion "1"]
[SourceVersionDate "2023.09.30"]
[SourceQuality "1"]

1. e4 c5 2. Nf3 d6 3. d4 cxd4 4. Nxd4 Nf6 5. f3 g6 6. c4 Bg7 7. Nc3 0-0 8. Be3 Nc6 9. Qd2 a6 10. Be2 Nd7 11. Rc1 Rb8 12. 0-0 Nc5 13. Rfd1 Bd7 14. Nc2 Bxc3 15. Qxc3 Na4 16. Qa3 b5 17. cxb5 axb5 18. Nb4 Nxb4 19. Qxb4 Nb6 20. b3 Na8 21. Rd2 Rb7 22. Qd4 Nc7 23. e5 d5 24. Bh6 Re8 25. Rxc7 Qxc7 26. e6 f6 27. exd7 Qxd7 28. Qxd5+ Qxd5 29. Rxd5 Reb8 30. b4 Kf7 31. Be3 Kg7 32. Kf2 h5 33. h4 Kf7 34. Bd1 Rc8 35. Bc5 e6 36. Rd6 Re8 37. Bb3 g5 38. Kg3 Rbb8 39. Rd7+ Kg6 40. Bc2+ f5 41. Bd4 e5 42. Bb2 gxh4+ 43. Kxh4 Rb6 44. g4 hxg4 45. fxg4 Rc6 46. Bxf5+ Kf6 47. Rb7 Rd6 48. Rxb5 Rd2 49. Rb6+ Kg7 50. Bc1 Rxa2 51. Bh6+ Kh8 52. Kg5 e4 53. Bg6 Rd8 54. Bxe4 Re2 55. Bf5 Re7 56. b5 Rg8+ 57. Kf4 Rc7 58. Kg3 Rc3+ 59. Kh4 Rf3 60. Bg5 Re8 61. Bf6+ Kg8 62. Rb7 Kf8 63. Kg5 Ra8 64. Bg7+ Ke8 65. Bd7+ Kd8 66. Bf6+ Rxf6 67. Kxf6 Ra7 68. Bc6 Ra2 69. Rd7+ Kc8 70. g5 Rf2+ 71. Ke5 Re2+ 72. Kf4 1-0

[Event "Barbera del Valles op 45th"]
[Site "Barbera del Valles"]
[Date "2023.07.07"]
[Round "4"]
[White "Ilamparthi, AR."]
[Black "Kshatriya, Nitin Vekhande"]
[Result "1-0"]
[WhiteElo "2393"]
[BlackElo "2033"]
[PlyCount "123"]
[EventDate "2023.07.04"]
[EventType "swiss"]
[EventRounds "9"]
[EventCountry "ESP"]
[SourceTitle "CBM 215 Extra"]
[Source "ChessBase"]
[SourceDate "2023.09.30"]
[SourceVersion "1"]
[SourceVersionDate "2023.09.30"]
[SourceQuality "1"]

1. e4 c5 2. Nf3 d6 3. d4 cxd4 4. Nxd4 Nf6 5. Nc3 g6 6. Be3 Bg7 7. f3 0-0 8. Qd2 Nc6 9. 0-0-0 d5 10. Nxc6 bxc6 11. Bc4 Bb7 12. exd5 cxd5 13. Nxd5 Nxd5 14. Bxd5 Bxd5 15. Qxd5 Qc7 16. Qc5 Qb7 17. Bd4 Rfc8 18. Qa5 Qc6 19. c3 Qc4 20. Bxg7 Kxg7 21. Qd5 Qa6 22. Kb1 Rab8 23. Qe5+ Kg8 24. Rd2 Rb7 25. Rhd1 Qb6 26. h4 f6 27. Qd5+ Kg7 28. Ka1 Rc6 29. Qe4 Rd6 30. Qc2 Re6 31. Re2 Rc6 32. Rde1 e5 33. Rd1 Rd6 34. Rxd6 Qxd6 35. Rd2 Qc5 36. b3 f5 37. Kb2 a5 38. Qd3 Rc7 39. c4 Rf7 40. Qd6 Qe3 41. c5 Rf6 42. Qc7+ Rf7 43. Qxa5 Kh6 44. Qc3 Qf4 45. c6 e4 46. Rc2 Rc7 47. fxe4 fxe4 48. g3 Qf5 49. Qe3+ Kg7 50. Qd4+ Kh6 51. Qd6 Qf7 52. g4 Qg7+ 53. Kb1 Qf7 54. g5+ Kg7 55. Qe5+ Kg8 56. Qxe4 Re7 57. Qc4 Re1+ 58. Kb2 Re6 59. c7 Qg7+ 60. Rc3 h5 61. c8Q+ Kh7 62. Q4xe6 1-0

[Event "Budapest Vezerkepzo GM-B 04"]
[Site "Budapest"]
[Date "2023.05.02"]
[Round "7"]
[White "Low, Zhen Yu Cyrus"]
[Black "Kshatriya, Nitin Vekhande"]
[Result "1-0"]
[WhiteElo "2425"]
[BlackElo "2224"]
[PlyCount "51"]
[EventDate "2023.04.25"]
[EventType "tourn"]
[EventRounds "9"]
[EventCountry "HUN"]
[EventCategory "7"]
[SourceTitle "CBM 214 Extra"]
[Source "ChessBase"]
[SourceDate "2023.07.31"]
[SourceVersion "1"]
[SourceVersionDate "2023.07.31"]
[SourceQuality "1"]

1. e4 c5 2. Nf3 d6 3. d4 cxd4 4. Nxd4 Nf6 5. Nc3 g6 6. Be3 Bg7 7. f3 0-0 8. Qd2 Nc6 9. 0-0-0 d5 10. Nxc6 bxc6 11. Bh6 Qc7 12. exd5 Nxd5 13. Bxg7 Kxg7 14. Bc4 Be6 15. Bxd5 Rfd8 16. Qd4+ Kg8 17. Qc4 Bxd5 18. Rxd5 Rxd5 19. Nxd5 Qe5 20. Qxc6 Rb8 21. Nc3 Qg5+ 22. f4 Qxf4+ 23. Kb1 Rb6 24. Qc8+ Kg7 25. Nd5 Qd4 26. Nxb6 1-0

[Event "Budapest Vezerkepzo GM-B 04"]
[Site "Budapest"]
[Date "2023.04.29"]
[Round "5"]
[White "Kshatriya, Nitin Vekhande"]
[Black "Neverov, Valeriy"]
[Result "0-1"]
[WhiteElo "2224"]
[BlackElo "2413"]
[PlyCount "58"]
[EventDate "2023.04.25"]
[EventType "tourn"]
[EventRounds "9"]
[EventCountry "HUN"]
[EventCategory "7"]
[SourceTitle "CBM 214 Extra"]
[Source "ChessBase"]
[SourceDate "2023.07.31"]
[SourceVersion "1"]
[SourceVersionDate "2023.07.31"]
[SourceQuality "1"]

1. e4 c5 2. Nf3 d6 3. d4 cxd4 4. Nxd4 Nf6 5. Nc3 a6 6. Be2 e5 7. Nb3 Be7 8. 0-0 0-0 9. a4 Be6 10. f4 Nbd7 11. Kh1 Rc8 12. Be3 exf4 13. Rxf4 Nc5 14. Nd4 Re8 15. Nf5 Bf8 16. Bd4 Bxf5 17. exf5 d5 18. Rf1 Nce4 19. Bf3 Bc5 20. Bxf6 Qxf6 21. Nxd5 Qxf5 22. Bxe4 Qxe4 23. Qh5 Qg6 24. Qf3 Bd6 25. c3 h6 26. Rad1 Re6 27. Rd4 Kh8 28. Rg4 Qh5 29. Rd4 Qxh2# 0-1

[Event "Budapest Vezerkepzo GM-B 04"]
[Site "Budapest"]
[Date "2023.04.28"]
[Round "4"]
[White "Woodward, Andy"]
[Black "Kshatriya, Nitin Vekhande"]
[Result "1-0"]
[WhiteElo "2436"]
[BlackElo "2224"]
[PlyCount "83"]
[EventDate "2023.04.25"]
[EventType "tourn"]
[EventRounds "9"]
[EventCountry "HUN"]
[EventCategory "7"]
[SourceTitle "CBM 214 Extra"]
[Source "ChessBase"]
[SourceDate "2023.07.31"]
[SourceVersion "1"]
[SourceVersionDate "2023.07.31"]
[SourceQuality "1"]

1. d4 Nf6 2. c4 e6 3. Nf3 d5 4. g3 Be7 5. Bg2 0-0 6. Nc3 b6 7. 0-0 Bb7 8. Ne5 h6 9. Qa4 Qe8 10. Qb3 c6 11. e4 Qd8 12. Rd1 Na6 13. Bf4 Bb4 14. exd5 cxd5 15. cxd5 Nxd5 16. Nxd5 exd5 17. Rac1 Be7 18. Nc6 Bxc6 19. Rxc6 Qd7 20. Rcc1 Rfd8 21. Bf1 g5 22. Be5 Nb4 23. a3 Nc6 24. Bb5 Na5 25. Qd3 Qh3 26. b4 Nc4 27. Rxc4 dxc4 28. Bxc4 Qh5 29. Qf5 Qxd1+ 30. Kg2 Qh5 31. g4 Rdc8 32. Bb3 Rc3 33. gxh5 Rxb3 34. Qc2 Rxa3 35. Qc6 Kf8 36. Qxh6+ Ke8 37. Qc6+ Kf8 38. h6 Kg8 39. Qe4 f6 40. Qg6+ Kf8 41. h7 Bxb4 42. Qxf6+ 1-0

[Event "Budapest Vezerkepzo GM-B 04"]
[Site "Budapest"]
[Date "2023.04.25"]
[Round "1"]
[White "Kshatriya, Nitin Vekhande"]
[Black "Kayonde, Andrew"]
[Result "0-1"]
[WhiteElo "2224"]
[BlackElo "2363"]
[PlyCount "92"]
[EventDate "2023.04.25"]
[EventType "tourn"]
[EventRounds "9"]
[EventCountry "HUN"]
[EventCategory "7"]
[SourceTitle "CBM 214 Extra"]
[Source "ChessBase"]
[SourceDate "2023.07.31"]
[SourceVersion "1"]
[SourceVersionDate "2023.07.31"]
[SourceQuality "1"]

1. e4 c5 2. Nf3 a6 3. c4 Nc6 4. d4 cxd4 5. Nxd4 e5 6. Nf5 d5 7. cxd5 Bxf5 8. exf5 Nd4 9. Bd3 Nf6 10. 0-0 Be7 11. Nc3 0-0 12. Re1 Nxd5 13. Be4 Nf6 14. Bxb7 Ra7 15. Be4 Rd7 16. Qa4 Nxe4 17. Nxe4 Nxf5 18. Nc3 Bc5 19. Rxe5 Re8 20. Bg5 Bxf2+ 21. Kxf2 Qb6+ 22. Kf1 Rxe5 23. Qxd7 f6 24. Qc8+ Kf7 25. Qc4+ Kg6 26. Bf4 Ne3+ 27. Bxe3 Qxe3 28. Qg4+ Rg5 29. Qe2 Rf5+ 30. Ke1 Qg1+ 31. Kd2 Qxa1 32. Qg4+ Rg5 33. Qe4+ f5 34. Qe6+ Kh5 35. Qe2+ Kh6 36. Qe6+ g6 37. Qe3 Qxb2+ 38. Kd3 Qb4 39. g3 Qd6+ 40. Ke2 f4 41. gxf4 Rg2+ 42. Kf1 Rxh2 43. Kg1 Rc2 44. Qg3 Qc5+ 45. Kh1 Rxc3 46. Qh4+ Qh5 0-1

[Event "Budapest Vezerkepzo IM-A 04"]
[Site "Budapest"]
[Date "2023.04.20"]
[Round "8"]
[White "Tancsa, Tamas"]
[Black "Kshatriya, Nitin Vekhande"]
[Result "1/2-1/2"]
[WhiteElo "2220"]
[BlackElo "2224"]
[PlyCount "69"]
[EventDate "2023.04.13"]
[EventType "tourn"]
[EventRounds "9"]
[EventCountry "HUN"]
[SourceTitle "CBM 213 Extra"]
[Source "ChessBase"]
[SourceDate "2023.05.31"]
[SourceVersion "1"]
[SourceVersionDate "2023.05.31"]
[SourceQuality "1"]

1. e4 c5 2. Nf3 d6 3. Bb5+ Nc6 4. 0-0 Nf6 5. e5 dxe5 6. Nxe5 Qc7 7. Qf3 Bd7 8. Nxd7 Nxd7 9. Bxc6 bxc6 10. Nc3 e6 11. d3 Bd6 12. h3 Rb8 13. Ne4 0-0 14. b3 Be5 15. Rb1 f5 16. Nd2 Bc3 17. Nc4 Rbe8 18. Bd2 Bxd2 19. Nxd2 Qd6 20. Nc4 Qd5 21. Na5 Qxf3 22. gxf3 Ne5 23. Kg2 Rf6 24. Rbe1 Rg6+ 25. Kh1 Nxf3 26. Re3 Nd2 27. Rd1 f4 28. Re5 Nf3 29. Rxc5 Rh6 30. Nxc6 e5 31. Kg2 Nh4+ 32. Kf1 Ng6 33. Kg2 Nh4+ 34. Kf1 Ng6 35. Kg2 1/2-1/2

[Event "Budapest Vezerkepzo IM-A 04"]
[Site "Budapest"]
[Date "2023.04.16"]
[Round "4"]
[White "Levitan, Caleb Levi"]
[Black "Kshatriya, Nitin Vekhande"]
[Result "1-0"]
[WhiteElo "2065"]
[BlackElo "2224"]
[PlyCount "101"]
[EventDate "2023.04.13"]
[EventType "tourn"]
[EventRounds "9"]
[EventCountry "HUN"]
[SourceTitle "CBM 213 Extra"]
[Source "ChessBase"]
[SourceDate "2023.05.31"]
[SourceVersion "1"]
[SourceVersionDate "2023.05.31"]
[SourceQuality "1"]

1. e4 c5 2. Nf3 d6 3. d4 cxd4 4. Qxd4 Bd7 5. c4 Nc6 6. Qd3 g6 7. Nc3 Bg7 8. Be3 Nf6 9. h3 0-0 10. Be2 Be6 11. 0-0 Qc8 12. b3 Nd7 13. Qd2 Nc5 14. Bh6 a5 15. Bxg7 Kxg7 16. Rfd1 f6 17. Nd5 Qd8 18. Qe3 Bf7 19. Rab1 e6 20. Nc3 Qe7 21. Nb5 Rfd8 22. Rd2 d5 23. Nc3 dxe4 24. Nxe4 Nxe4 25. Qxe4 Rxd2 26. Nxd2 Rd8 27. Nf3 e5 28. Rd1 f5 29. Qc2 e4 30. Qc3+ Qf6 31. Qxf6+ Kxf6 32. Rxd8 exf3 33. Rd2 fxe2 34. Rxe2 a4 35. Rd2 axb3 36. axb3 Be6 37. f3 Na5 38. Rd3 f4 39. Kf2 Ke5 40. Ke1 Bf5 41. Rd5+ Ke6 42. Rxa5 Kd6 43. Kd2 b6 44. Ra7 Kc5 45. Kc3 b5 46. cxb5 Kxb5 47. Rxh7 Kc5 48. Rf7 Kb5 49. Rxf5+ gxf5 50. h4 Kc5 51. h5 1-0

[Event "Budapest Vezerkepzo IM-A 04"]
[Site "Budapest"]
[Date "2023.04.13"]
[Round "1"]
[White "Kshatriya, Nitin Vekhande"]
[Black "Turzo, Attila"]
[Result "0-1"]
[WhiteElo "2224"]
[BlackElo "2279"]
[PlyCount "98"]
[EventDate "2023.04.13"]
[EventType "tourn"]
[EventRounds "9"]
[EventCountry "HUN"]
[SourceTitle "CBM 213 Extra"]
[Source "ChessBase"]
[SourceDate "2023.05.31"]
[SourceVersion "1"]
[SourceVersionDate "2023.05.31"]
[SourceQuality "1"]

1. e4 c5 2. Nf3 Nc6 3. Bb5 g6 4. c3 Nf6 5. Qe2 Bg7 6. 0-0 0-0 7. d4 cxd4 8. cxd4 d6 9. h3 Nd7 10. Be3 a6 11. Bd3 e5 12. d5 Nd4 13. Bxd4 exd4 14. Nbd2 Nc5 15. b4 Na4 16. Nb3 Qb6 17. Qd2 Bd7 18. Rac1 Rac8 19. a3 Rc3 20. Na5 Qc7 21. Rxc3 dxc3 22. Qe3 Nb2 23. Nd4 Bxd4 24. Qxd4 Nxd3 25. Qxd3 Bb5 26. Qc2 Bxf1 27. Kxf1 f5 28. e5 dxe5 29. Qb3 Kg7 30. d6 Qxd6 31. Qxc3 Qd1+ 32. Qe1 Qxe1+ 33. Kxe1 b5 34. Nb7 Rc8 35. Nc5 Rxc5 36. bxc5 Kf6 37. Kd2 Ke6 38. Kc3 Kd5 39. Kb4 e4 40. g3 g5 41. h4 gxh4 42. gxh4 f4 43. h5 h6 44. a4 bxa4 45. Kxa4 Kxc5 46. Ka5 e3 47. fxe3 fxe3 48. Kxa6 e2 49. Kb7 e1Q 0-1

[Event "Budapest FS04 IM"]
[Site "Budapest"]
[Date "2023.04.04"]
[Round "4"]
[White "Kshatriya, Nitin Vekhande"]
[Black "Vedant, Nitin Vekhande"]
[Result "1/2-1/2"]
[WhiteElo "2224"]
[BlackElo "2178"]
[PlyCount "94"]
[EventDate "2023.04.01"]
[EventType "tourn"]
[EventRounds "11"]
[EventCountry "HUN"]
[SourceTitle "CBM 213 Extra"]
[Source "ChessBase"]
[SourceDate "2023.05.31"]
[SourceVersion "1"]
[SourceVersionDate "2023.05.31"]
[SourceQuality "1"]

1. d4 Nf6 2. c4 e6 3. Nf3 d5 4. g3 Bb4+ 5. Bd2 Be7 6. Bg2 0-0 7. 0-0 c6 8. Qc2 Nbd7 9. Rd1 b6 10. Bf4 Bb7 11. Nc3 dxc4 12. Nd2 Nd5 13. Nxc4 Nxf4 14. gxf4 Qc7 15. e3 Rad8 16. Rac1 c5 17. d5 exd5 18. Nxd5 Bxd5 19. Rxd5 b5 20. Ne5 Nxe5 21. Rxe5 Bd6 22. Rd5 Be7 23. Re5 Bd6 24. Re4 a6 25. b3 Rfe8 26. Rxe8+ Rxe8 27. Kf1 Be7 28. Ke2 Rc8 29. Qe4 Bf6 30. Qb7 c4 31. Qxa6 c3 32. Qxb5 Rd8 33. Be4 Rd2+ 34. Kf3 Qc8 35. f5 Rxa2 36. Qc4 Qxc4 37. bxc4 Kf8 38. c5 Ke7 39. c6 Kd6 40. Rd1+ Rd2 41. Ra1 Bh4 42. Rf1 f6 43. Kg2 c2 44. Rc1 Rxf2+ 45. Kh3 Bg5 46. Rxc2 Rxc2 47. Bxc2 Kxc6 1/2-1/2

[Event "Budapest FS04 IM"]
[Site "Budapest"]
[Date "2023.04.01"]
[Round "1"]
[White "To, Nhat Minh"]
[Black "Kshatriya, Nitin Vekhande"]
[Result "1-0"]
[WhiteElo "2354"]
[BlackElo "2224"]
[PlyCount "139"]
[EventDate "2023.04.01"]
[EventType "tourn"]
[EventRounds "11"]
[EventCountry "HUN"]
[SourceTitle "CBM 213 Extra"]
[Source "ChessBase"]
[SourceDate "2023.05.31"]
[SourceVersion "1"]
[SourceVersionDate "2023.05.31"]
[SourceQuality "1"]

1. e4 c5 2. Nf3 d6 3. d4 cxd4 4. Nxd4 Nf6 5. Nc3 g6 6. Be3 Bg7 7. f3 0-0 8. Qd2 Nc6 9. 0-0-0 d5 10. exd5 Nxd5 11. Nxc6 bxc6 12. Bd4 Bxd4 13. Qxd4 Qb6 14. Na4 Qc7 15. Bc4 Nb6 16. Bb3 Nxa4 17. Qxa4 c5 18. h4 h5 19. Rhe1 Rb8 20. Qe4 e6 21. Qe5 Rb7 22. Bc4 Qxe5 23. Rxe5 Rc7 24. Rd3 Kg7 25. f4 Bb7 26. g3 Bg2 27. Rd2 Bb7 28. b3 Kf6 29. Kb2 Rb8 30. Ka3 Ke7 31. Ka4 Bc6+ 32. Ka5 Bd7 33. a4 f6 34. Re3 Rb6 35. Red3 Rbb7 36. Rd6 Rc6 37. Rxc6 Bxc6 38. Re2 Bd7 39. Bd3 Kf7 40. Re4 f5 41. Rc4 Ke7 42. Rxc5 Kd6 43. b4 Bc6 44. Re5 Re7 45. b5 Bf3 46. Kb4 Rc7 47. c4 Ke7 48. a5 Rd7 49. Re3 Bg2 50. a6 Rd6 51. c5 Rd4+ 52. Kc3 Ra4 53. Bc4 Be4 54. b6 axb6 55. cxb6 Kd6 56. Kb3 Ra1 57. Kb4 Kc6 58. b7 Kc7 59. Ra3 Rb1+ 60. Rb3 Ra1 61. Kc5 Kb8 62. Rb6 Ra5+ 63. Kb4 Ra1 64. Rxe6 Rb1+ 65. Kc5 Ka7 66. Re8 Bxb7 67. axb7 Rxb7 68. Bd5 Rc7+ 69. Kb5 Rd7 70. Ra8# 1-0

[Event "Barcelona Sant Marti op-A 22nd"]
[Site "Barcelona"]
[Date "2022.07.18"]
[Round "6"]
[White "Kshatriya, Nitin Vekhande"]
[Black "Lindh, Fredrik"]
[Result "0-1"]
[WhiteElo "1782"]
[BlackElo "2287"]
[PlyCount "122"]
[EventDate "2022.07.13"]
[EventType "swiss"]
[EventRounds "9"]
[EventCountry "ESP"]
[SourceTitle "CBM 209 Extra"]
[Source "ChessBase"]
[SourceDate "2022.09.30"]
[SourceVersion "1"]
[SourceVersionDate "2022.09.30"]
[SourceQuality "1"]

1. e4 c5 2. Nf3 Nc6 3. Bb5 g6 4. c3 Nf6 5. Qe2 a6 6. Ba4 b5 7. Bc2 d6 8. d4 cxd4 9. cxd4 Bg4 10. Be3 Rc8 11. a3 e5 12. d5 Na5 13. Nc3 Nc4 14. Bc1 Bg7 15. h3 Bd7 16. b3 Nb6 17. Bd2 0-0 18. Rc1 Nh5 19. g3 f5 20. Kf1 Nf6 21. Kg2 Qe7 22. Bb1 fxe4 23. Bxe4 Nxe4 24. Qxe4 Bf5 25. Qe3 Qb7 26. Kh2 Nxd5 27. Nxd5 Qxd5 28. Rxc8 Bxc8 29. Nh4 Bh6 30. f4 exf4 31. gxf4 Bxf4+ 32. Qxf4 Rxf4 33. Bxf4 Qxb3 34. Bg3 Qc2+ 35. Ng2 Bb7 36. Rg1 d5 37. Rf1 d4 38. Rf2 Qe4 39. Bf4 Kg7 40. h4 a5 41. Bd2 a4 42. Kg3 Qd3+ 43. Kh2 Bxg2 44. Kxg2 Qxa3 45. Bf4 Qc5 46. Re2 b4 47. Be5+ Kg8 48. Bf4 Qd5+ 49. Kg3 a3 50. Rf2 a2 51. Bh6 Qd6+ 52. Bf4 Qxf4+ 53. Kxf4 a1Q 54. h5 d3 55. hxg6 hxg6 56. Ke3 Qe1+ 57. Kf3 d2 58. Kg2 d1Q 59. Rf4 Qg1+ 60. Kh3 Qh5+ 61. Rh4 Qf3# 0-1

[Event "Eastern Asia-ch U12"]
[Site "Tornelo INT"]
[Date "2021.10.30"]
[Round "5"]
[White "Pham, Dang Minh"]
[Black "Kshatriya, Nitin Vekhande"]
[Result "1-0"]
[WhiteElo "1394"]
[BlackElo "1213"]
[PlyCount "89"]
[EventDate "2021.10.29"]
[EventType "swiss"]
[EventRounds "9"]
[EventCountry "NET"]
[SourceTitle "EXT 2023"]
[Source "ChessBase"]
[SourceDate "2022.10.05"]
[SourceVersion "1"]
[SourceVersionDate "2022.10.05"]
[SourceQuality "1"]

1. Nf3 Nf6 2. g3 g6 3. Bg2 Bg7 4. 0-0 0-0 5. d4 d6 6. c4 Nbd7 7. Nc3 e5 8. e4 Re8 9. Re1 c6 10. Qc2 Qc7 11. b3 exd4 12. Nxd4 Nc5 13. Bb2 h5 14. Rad1 Ne6 15. Nf3 b6 16. Ba3 Rd8 17. e5 dxe5 18. Nxe5 Nd4 19. Rxd4 Rxd4 20. Nxc6 Bf5 21. Qc1 Rad8 22. Nb5 Qd7 23. Nbxd4 Kh7 24. Nxf5 gxf5 25. Nxd8 Qxd8 26. Qf4 Qd3 27. Bh3 Ng4 28. Bxg4 hxg4 29. Qe3 Qd7 30. Qe7 Qd2 31. Bc1 Qc3 32. Qe3 Qb4 33. a3 Qd6 34. Qg5 Qd7 35. Qh4+ Kg6 36. Qe7 Qc6 37. Rd1 Bf6 38. Rd6 Qxd6 39. Qxd6 a5 40. Bb2 Kh5 41. Qxf6 f4 42. Qf5+ Kh6 43. Qf6+ Kh5 44. gxf4 g3 45. Qg5# 1-0

[Event "Eastern Asia-ch U12"]
[Site "Tornelo INT"]
[Date "2021.10.29"]
[Round "3"]
[White "Tenuunbold, Battulga"]
[Black "Kshatriya, Nitin Vekhande"]
[Result "0-1"]
[WhiteElo "1398"]
[BlackElo "1213"]
[PlyCount "96"]
[EventDate "2021.10.29"]
[EventType "swiss"]
[EventRounds "9"]
[EventCountry "NET"]
[SourceTitle "EXT 2023"]
[Source "ChessBase"]
[SourceDate "2022.10.05"]
[SourceVersion "1"]
[SourceVersionDate "2022.10.05"]
[SourceQuality "1"]

1. d4 Nf6 2. c4 e6 3. Nc3 Bb4 4. Bd2 d5 5. e3 c5 6. a3 Bxc3 7. Bxc3 Ne4 8. Rc1 0-0 9. Nf3 Nxc3 10. Rxc3 cxd4 11. Nxd4 b6 12. cxd5 Qxd5 13. Be2 Bb7 14. Bf3 Qd7 15. 0-0 Na6 16. Bc6 Qe7 17. Qf3 Rab8 18. Bxb7 Qxb7 19. Nc6 Rbc8 20. Rfc1 Rc7 21. b4 Nb8 22. Ne5 Rxc3 23. Rxc3 Qxf3 24. gxf3 f6 25. Nc6 Nxc6 26. Rxc6 e5 27. Kg2 g6 28. Kg3 Kg7 29. f4 exf4+ 30. Kxf4 Rf7 31. Kf3 Rd7 32. a4 Kf7 33. Rc8 Ke6 34. Ke2 h5 35. f4 g5 36. fxg5 fxg5 37. Kf3 Ke5 38. Rh8 Rf7+ 39. Ke2 h4 40. Rg8 Kf6 41. Rc8 Kf5 42. h3 g4 43. e4+ Kf4 44. hxg4 h3 45. Rh8 Kg3 46. Ke1 h2 47. Ke2 Rf4 48. Ke3 Rxg4 0-1

[Event "Wch FIDE Online U12 Asia qual"]
[Site "Tornelo INT"]
[Date "2020.12.12"]
[Round "5"]
[White "Kshatriya, Nitin Vekhande"]
[Black "Li, Shanglin B"]
[Result "0-1"]
[WhiteElo "1782"]
[BlackElo "2190"]
[PlyCount "132"]
[EventDate "2020.12.11"]
[EventType "swiss (rapid)"]
[EventRounds "7"]
[EventCountry "ISS"]
[SourceTitle "EXT 2022"]
[Source "ChessBase"]
[SourceDate "2021.10.06"]
[SourceVersion "1"]
[SourceVersionDate "2021.10.06"]
[SourceQuality "1"]

1. e4 c5 2. Nf3 e6 3. d3 Nc6 4. Nbd2 d5 5. g3 Bd6 6. Bg2 Nge7 7. 0-0 0-0 8. Re1 Ng6 9. h4 h6 10. Nf1 Qc7 11. h5 Nge7 12. Qe2 dxe4 13. dxe4 e5 14. N1h2 Be6 15. Nh4 Nd4 16. Qd1 c4 17. c3 Ndc6 18. Ng4 Kh7 19. Be3 Rad8 20. Qe2 Qc8 21. Bh3 b6 22. Kh2 Bc5 23. Bd2 Rxd2 24. Qxd2 Bxg4 25. Bxg4 Qxg4 26. Qe2 Qe6 27. Qf3 Kg8 28. Re2 f5 29. exf5 Nxf5 30. Qg4 Qf7 31. Ng6 Re8 32. Rae1 Nfe7 33. Nxe5 Nxe5 34. Rxe5 Qxf2+ 35. Kh3 Qf7 36. R5e4 Rd8 37. Rxc4 Rd5 38. Kh4 Nf5+ 39. Kh3 Ne3 40. Qc8+ Kh7 41. Rf4 Rxh5+ 42. Rh4 Rxh4+ 43. Kxh4 Ng2+ 44. Kh3 Nxe1 45. Qg4 Nf3 46. Qe4+ g6 47. Kg2 Ng5 48. Qe2 Qe6 49. Qxe6 Nxe6 50. Kf3 g5 51. Ke4 Kg6 52. b4 Be7 53. Kd5 Ng7 54. Kc6 h5 55. Kd7 Bf6 56. c4 h4 57. c5 bxc5 58. bxc5 hxg3 59. c6 Be5 60. a4 g2 61. a5 g1Q 62. Kc8 Qc5 63. Kb7 Qxa5 64. Ka8 Qd8+ 65. Kb7 Qb8+ 66. Ka6 Qb6# 0-1